| 000 | 00388nam a22001577a 4500 | ||
|---|---|---|---|
| 005 | 20230922155334.0 | ||
| 008 | 230919b |||||||| |||| 00| 0 eng d | ||
| 020 | _a9789691000902 | ||
| 082 |
_a658.404 _bMBA |
||
| 245 | _aAnalysis of Financial Statements | ||
| 260 |
_aPakistan _bIBP Publishing _c2009 |
||
| 300 | _a229 | ||
| 500 | _aInclude Index | ||
| 650 | _aManagement | ||
| 999 |
_c33645 _d33645 |
||